Die Literaturen Westasiens und der Nilländer

Saved in:  
Bibliographic Details
Main Author: Baumgartner, Alexander 1841-1910 (Author)
Format: Print Book
Language:German
Subito Delivery Service: Order now.
Check availability: HBZ Gateway
WorldCat: WorldCat
Interlibrary Loan:Interlibrary Loan for the Fachinformationsdienste (Specialized Information Services in Germany)
Published: Freiburg im Breisgau Herder 1925
In: Geschichte der Weltliteratur. (1)
Year: 1925
Edition:3. u. 4., verb. Aufl., unveränd. Neudr.
Series/Journal:Baumgartner, Alexander 1841-1910, Geschichte der Weltliteratur. 1

MARC

LEADER 00000cam a22000002cb4500
001 1094824089
003 DE-627
005 20240429191512.0
007 tu
008 910715s1925 xx ||||| 00| ||ger c
035 |a (DE-627)1094824089 
035 |a (DE-576)024824089 
035 |a (DE-599)BSZ024824089 
035 |a (OCoLC)248573675 
040 |a DE-627  |b ger  |c DE-627  |e rakwb 
041 |a ger 
084 |a 1  |2 ssgn 
100 1 |0 (DE-588)116091614  |0 (DE-627)135252601  |0 (DE-576)160202825  |4 aut  |a Baumgartner, Alexander  |d 1841-1910 
109 |a Baumgartner, Alexander 1841-1910  |a Wohlgemuth, Jakob 1841-1910 
245 1 4 |a Die Literaturen Westasiens und der Nilländer  |c von Alexander Baumgartner 
250 |a 3. u. 4., verb. Aufl., unveränd. Neudr. 
264 1 |a Freiburg im Breisgau  |b Herder  |c 1925 
300 |a XIX, 638 S. 
336 |a Text  |b txt  |2 rdacontent 
337 |a ohne Hilfsmittel zu benutzen  |b n  |2 rdamedia 
338 |a Band  |b nc  |2 rdacarrier 
490 1 |a Geschichte der Weltliteratur / von Alexander Baumgartner  |v 1 
500 |a In Fraktur 
583 1 |a Archivierung prüfen  |c 20200919  |f DE-640  |z 3  |2 pdager 
583 1 |a Archivierung/Langzeitarchivierung gewährleistet  |f PEBW  |h DE-31  |x XA-DE-BW  |2 pdager  |5 DE-24 
601 |a Literatur 
800 1 |a Baumgartner, Alexander  |d 1841-1910  |t Geschichte der Weltliteratur.  |v 1  |9 1,3/4,neudr.  |w (DE-627)1070625426  |w (DE-576)000625426  |7 am 
935 |a mteo 
951 |a MV 
ELC |b 1 
ITA |a 1 
LOK |0 000 xxxxxcx a22 zn 4500 
LOK |0 001 2167765983 
LOK |0 003 DE-627 
LOK |0 004 1094824089 
LOK |0 005 20100408144925 
LOK |0 008 960521||||||||||||||||ger||||||| 
LOK |0 040   |a DE-21-35  |c DE-627  |d DE-21-35 
LOK |0 541   |e A 3630 
LOK |0 852   |a DE-21-35 
LOK |0 852 1  |c Fe 90.12-1/3.4  |m p  |9 00 
LOK |0 852 2  |b Magazin  |9 00 
LOK |0 938   |k p 
LOK |0 939   |a 21-05-96  |b l01 
ORI |a SA-MARC-ixtheoa001.raw